000 00586nam a22002177a 4500
005 20170124105928.0
010 _a840736
020 _c00.00
035 _a840736
037 _bCen Lib/Ret
040 _aDPL
_bEN
082 _a398.4
_bZHE
100 _aZheleznova, Irina
_97677
245 _aFairy tales northern lights /
_cby Irina Zheleznova
260 _aMoscow
_bProgress Publishers
_c1976
270 _bMoscow
_aMoscow
300 _a227p.
_c18cm(Hb)
650 _aFairy Tales
_zNorth
_97678
650 _aStories
_97500
942 _2ddc
_cEN
_h398.4
_mZHE
999 _c123683
_d123683